Prc̀tico Derecho Laboral Individual

Detalles Bibliográficos
Autor principal: Cuervo-Aparicio, Mn̤ica Mara̕
Formato: eBook
Lenguaje:español
Materias:
Acceso en línea:Acceso restringido

MARC

LEADER 00000nam a22000007a 4500
005 20190730224042.0
007 cr|||| ||||
008 190730c20159999co k||wos|||| 0|||b1spa d
035 |a 12754 
040 |a vLex 
090 |c 9081  |d 9081 
100 1 |a Cuervo-Aparicio, Mn̤ica Mara̕ 
245 1 0 |a Prc̀tico Derecho Laboral Individual  |h [Recurso electrn̤ico] /  |c Mn̤ica Mara̕ Cuervo-Aparicio 
256 |a Servicio en ln̕ea 
300 |a 1 recurso electrn̤ico 
310 |a Actualizado continuamente 
500 |a El prc̀tico de Derecho Individual del Trabajo es una herramienta que le permitir ̀conocer los aspectos ms̀ importantes que regulan las relaciones empleador- trabajador en nuestro pas̕, haciendo ňfasis en los temas ms̀ destacados de esta r̀ea que resulta de necesario conocimiento no sl̤o para quienes se dedican al estudio de las ciencias jurd̕icas sino para quienes por su actividad, requieren entender el manejo de este tipo de vinculaciones y llevarlas con x̌ito a la prc̀tica. 
506 1 |a Disponible solo en los productos indicados  |d vLex Global  |d vLex Global (Academic Edition, excluding Law Schools)  |d vLex Global (U.S. Academic Edition, Law Schools)  |d vLex Global (U.S. Academic Edition, excluding Law Schools)  |d vLex Global (Academic Edition, Law Schools) 
650 0 4 |a Estatuto de los Trabajadores, Relacin̤ Laboral  |z Colombia 
740 0 |a Prc̀ticos vLex (servicio en ln̕ea) 
856 4 0 |u http://vlex.com/source/12754  |z Acceso restringido 
942 |c REV 
999 0 |a Workers Statute, Labor Relationship